Normal view MARC view
  • Volkman, Ernest

Entry Personal Name

Number of records used in: 1

001 - CONTROL NUMBER

  • control field: 74527

003 - CONTROL NUMBER IDENTIFIER

  • control field: NUST

005 - DATE AND TIME OF LATEST TRANSACTION

  • control field: 20210628205234.0

008 - FIXED-LENGTH DATA ELEMENTS

  • fixed length control field: 210628|| aca||aabn | a|a d

040 ## - CATALOGING SOURCE

  • Original cataloging agency: NUST
  • Transcribing agency: NUST

100 ## - HEADING--PERSONAL NAME

  • Personal name: Volkman, Ernest

670 ## - SOURCE DATA FOUND

  • Source citation: Work cat.: (NUST): Volkman, Ernest, Espionage the greatest spy operations of the twenteith century, 1995
© 2023 Central Library, National University of Sciences and Technology. All Rights Reserved.